000 00171nam a22000977a 4500
040 _cSK
082 _a363
100 _aBUNTONG BORARIN
245 _aFood safety
942 _cEK
999 _c8862
_d8862